Developing reading skills : Intermediate 1

The book provides text for those who want to develop their reading skills for academic, personal, or career purposes. The text is also appropriate for high school students. This book was designed for students of English as a second language and english as a foreign language in both academic and nona...

Ful tanımlama

Kaydedildi:
Detaylı Bibliyografya
Yazar: Markstein, Linda
Materyal Türü: Kitap
Dil:Undetermined
Baskı/Yayın Bilgisi: Boston, MA Heinle & Heinle 1994
Konular:
Etiketler: Etiketle
Etiket eklenmemiş, İlk siz ekleyin!
Thư viện lưu trữ: Trung tâm Học liệu Trường Đại học Cần Thơ
LEADER 00956nam a2200229Ia 4500
001 CTU_123490
008 210402s9999 xx 000 0 und d
020 |c 96000 
082 |a 428.64 
082 |b M346i/T1 
100 |a Markstein, Linda 
245 0 |a Developing reading skills : 
245 0 |b Intermediate 1 
245 0 |c Linda Markstein, Louise Hirasawa 
260 |a Boston, MA 
260 |b Heinle & Heinle 
260 |c 1994 
520 |a The book provides text for those who want to develop their reading skills for academic, personal, or career purposes. The text is also appropriate for high school students. This book was designed for students of English as a second language and english as a foreign language in both academic and nonacademic sttings. 
650 |a English language,English language 
650 |x Textbooks for foreign speakers.,Rhetoric. 
904 |i H. Mai 
980 |a Trung tâm Học liệu Trường Đại học Cần Thơ